Korespondence Šťastného Václava Pětipeského z Chýš a Egrberku
| Titel: | Korespondence Šťastného Václava Pětipeského z Chýš a Egrberku / Miroslav Žítný (ed.) |
|---|---|
| Beteiligt: | |
| Veröffentlicht: | České Budějovice : Jihočeská univerzita, Historický ústav Filozofické fakulty, 2016 |
| Umfang: | 814 Seiten |
| Format: | Buch |
| Sprache: | Tschechisch |
| Schriftenreihe/ mehrbändiges Werk: |
Prameny k českým dějinám 16. - 18. století : Řada B ; sv. VII/2 |
| ISBN: | 9788073945756 |
| Hinweise zum Inhalt: |
Inhaltsverzeichnis
|
alg: 39988222 001A $03004:22-02-17 001B $01999:09-06-23 $t23:20:09.000 001D $03004:22-02-17 001U $0utf8 001X $00 002@ $0Aau 002C $aText $btxt $2rdacontent 002D $aohne Hilfsmittel zu benutzen $bn $2rdamedia 002E $aBand $bnc $2rdacarrier 003@ $0399882227 003O $0956317840 $aOCoLC 004A $A978-80-7394-575-6 007A $0BV043639875 $aBVB 007G $0DE020C53794C4750EC573C12580DF00443BA9 009P $qapplication/pdf $A2 $3Inhaltsverzeichnis $uhttp://scans.hebis.de/HEBCGI/show.pl?39988222_toc.pdf $mV:DE-603;B:DE-Mb50 010@ $acze 010E $erda 011@ $a2016 $n2016 021A $aKorespondence Šťastného Václava Pětipeského z Chýš a Egrberku $hMiroslav Žítný (ed.) 028C $BHerausgeber $4edt $7 $8Žítný, Miroslav [Tnu] $9399882162 033A $pČeské Budějovice $nJihočeská univerzita, Historický ústav Filozofické fakulty 034D $a814 Seiten 036E $aPrameny k českým dějinám 16. - 18. století : Řada B $lsv. VII/2 045F $a900.9437109031 $eDDC23BSB 045F/01 $a900 045F/03 $f09031 045F/03 $g4371 045G $a306.094371 $eDDC23BSB 045G/01 $a306.09 045G/03 $g4371 045T $a7,41 lok: 39988222 24 101B $008-03-17 $t16:49:49.000 101C $008-03-17 101U $0utf8 145Z/01 $a23 7 F 145Z/02 $a23 13 L exp: 39988222 24 1 #EPN 201B/01 $008-03-17 $t16:49:49.000 201C/01 $007-03-16 201U/01 $0utf8 203@/01 $0769376363 208@/01 $a08-03-17 $bz 209A/01 $a16.07625 $du $f050 $h16 07625 $x00 209C/01 $a16.07625 K $h16 07625 K 209G/01 $a73611350 $x00 220C/01 $akon 244Z/01 $#Pětipeský z Chýš a Egrberka, Václav Šťastný $#Pětipeský z Chýš a Egrberku, Felix Václav $#Pětipeský z Chýš a Egerbergu, Felix Václav $#Pětipeský of Chýše and Egerberk, Felix Václav $#Pětipeský z Chýš a Egerberka, Václav Felix $71127173383 $8--Tp1--Pětipeský z Chýš a Egrberku, Šťastný Václav$Z1582-1638 $x01 $9400352451 247C/01 $8358050-7Marburg, Bibliothek des Herder-Instituts Marburg $9102600961
| LEADER | 00000cam a2200000 c 4500 | ||
|---|---|---|---|
| 001 | 399882227 | ||
| 003 | DE-603 | ||
| 005 | 20230609232009.0 | ||
| 007 | tu | ||
| 008 | 170222s2016 xx |||| | u00||u|cze c | ||
| 020 | |a 9788073945756 | ||
| 035 | |a (DE-599)BVBBV043639875 | ||
| 035 | |a (OCoLC)956317840 | ||
| 040 | |a DE-603 |b ger |c DE-603 |d DE-603 |e rda | ||
| 041 | |a cze | ||
| 082 | 0 | 4 | |8 1\u |a 900.9437109031 |q DE-101 |2 23/BSB |
| 083 | 0 | |8 2\u |a 306.094371 |q DE-101 |2 23/BSB | |
| 084 | |a 7,41 |2 ssgn | ||
| 085 | |8 1\u |b 900 | ||
| 085 | |8 1\u |z 1 |s 09031 | ||
| 085 | |8 1\u |z 2 |s 4371 | ||
| 085 | |8 2\u |b 306.09 | ||
| 085 | |8 2\u |z 2 |s 4371 | ||
| 245 | 0 | 0 | |a Korespondence Šťastného Václava Pětipeského z Chýš a Egrberku |c Miroslav Žítný (ed.) |
| 264 | 1 | |a České Budějovice |b Jihočeská univerzita, Historický ústav Filozofické fakulty |c 2016 | |
| 300 | |a 814 Seiten | ||
| 336 | |a Text |b txt |2 rdacontent | ||
| 337 | |a ohne Hilfsmittel zu benutzen |b n |2 rdamedia | ||
| 338 | |a Band |b nc |2 rdacarrier | ||
| 490 | 0 | |a Prameny k českým dějinám 16. - 18. století : Řada B |v sv. VII/2 | |
| 700 | 1 | |a Žítný, Miroslav |e Herausgeber |4 edt |0 (DE-603)399882162 | |
| 856 | 4 | 2 | |m V:DE-603;B:DE-Mb50 |q application/pdf |u http://scans.hebis.de/HEBCGI/show.pl?39988222_toc.pdf |3 Inhaltsverzeichnis |
| 924 | 0 | |9 Mb 50 |a (DE-603)769376363 |b DE-Mb50 |c HES |d c |g 16.07625 | |


